| 000 | 00391 a2200169 4500 | ||
|---|---|---|---|
| 001 | 18258 | ||
| 020 | _a9788538046318 | ||
| 040 | _cAnchieta - Bela Vista | ||
| 100 | _aEaves, Katherine | ||
| 240 | 1 | 0 |
_aA nova roupa do Imperador _lpor |
| 245 | 1 | 0 | _aA nova roupa do Imperador |
| 300 | _a16 | ||
| 362 | 0 | _a2013 | |
| 440 | 1 | _aCiranda Cultural | |
| 650 | 4 | _aLiteratura infantil | |
| 942 | _cBK | ||
| 999 |
_c18258 _d18258 |
||